Python programming in Context / (Record no. 194051)

000 -LEADER
fixed length control field 00946 a2200205 4500
003 - CONTROL NUMBER IDENTIFIER
control field Nust
005 - DATE AND TIME OF LATEST TRANSACTION
control field 20220831134049.0
020 ## - INTERNATIONAL STANDARD BOOK NUMBER
International Standard Book Number 9781284175554
040 ## - CATALOGING SOURCE
Transcribing agency Nust
082 ## - DEWEY DECIMAL CLASSIFICATION NUMBER
Classification number 005.133,MIL
100 ## - MAIN ENTRY--PERSONAL NAME
Personal name N. Miller, Bradley
9 (RLIN) 98742
245 ## - TITLE STATEMENT
Title Python programming in Context /
Statement of responsibility, etc. Bradley N. Miller, David L. Ranum & Julie
250 ## - EDITION STATEMENT
Edition statement 3rd Edition
260 ## - PUBLICATION, DISTRIBUTION, ETC.
Linkage Jones & Barlett
Date of publication, distribution, etc. 2021
300 ## - PHYSICAL DESCRIPTION
Extent 497 p;
505 ## - FORMATTED CONTENTS NOTE
Formatted contents note Introduction to Python (Page-1), πthon: Estimating Pi (Page-39), Codes and Other Secrets (Page-75), Introducing the Python Collections (Page-111), Bigger Data: File I/O (Page-147), Image Processing (Page-177), Data Mining: Cluster Analysis (Page-221), Cryptanalysis (Page-245), Fractals: The Geometry of Nature (Page-285), Planet Objects (Page-307), Simulation (Page-343), Father Was a Rectangle (Page-369), Video Games (Page-399),
650 ## - SUBJECT ADDED ENTRY--TOPICAL TERM
Topical term or geographic name entry element Computer programming
651 ## - SUBJECT ADDED ENTRY--GEOGRAPHIC NAME
Geographic name Python
9 (RLIN) 98743
942 ## - ADDED ENTRY ELEMENTS (KOHA)
Source of classification or shelving scheme
Koha item type Reference
Holdings
Withdrawn status Lost status Source of classification or shelving scheme Damaged status Not for loan Permanent Location Current Location Shelving location Date acquired Total Checkouts Full call number Barcode Date last seen Date last checked out Price effective from Koha item type Public note
          Military College of Signals (MCS) Military College of Signals (MCS) Reference 12/12/2016 3 005.133,MIL MCS38352 06/30/2025 03/15/2024 12/12/2016 Reference Almirah Fresh No.43, Shelf No.4
          Military College of Signals (MCS) Military College of Signals (MCS) Reference 12/23/2022   005.133,MIL MCS38616 04/22/2025   12/23/2022 Reference Almirah Fresh No.43, Shelf No.4
© 2023 Central Library, National University of Sciences and Technology. All Rights Reserved.